<?xml version="1.0" encoding="UTF-8"?>
<record
    xmlns:xsi="http://www.w3.org/2001/XMLSchema-instance"
    xsi:schemaLocation="http://www.loc.gov/MARC21/slim http://www.loc.gov/standards/marcxml/schema/MARC21slim.xsd"
    xmlns="http://www.loc.gov/MARC21/slim">

  <leader>01035nam a22002777a 4500</leader>
  <controlfield tag="001">INGC-MON-045586</controlfield>
  <controlfield tag="003">AR-LpUFI</controlfield>
  <controlfield tag="005">20260313143756.0</controlfield>
  <controlfield tag="007">ta</controlfield>
  <controlfield tag="008">910603s1986    cl a         000000 spa d</controlfield>
  <datafield tag="020" ind1=" " ind2=" ">
    <subfield code="a">8475341594</subfield>
  </datafield>
  <datafield tag="040" ind1=" " ind2=" ">
    <subfield code="a">UCN</subfield>
    <subfield code="c">AR-LpUFI</subfield>
    <subfield code="d">AR-LpUFI</subfield>
  </datafield>
  <datafield tag="041" ind1=" " ind2=" ">
    <subfield code="a">spa</subfield>
  </datafield>
  <datafield tag="080" ind1=" " ind2=" ">
    <subfield code="a">621.382</subfield>
  </datafield>
  <datafield tag="100" ind1="1" ind2=" ">
    <subfield code="a">Lopez Aparicio, David</subfield>
    <subfield code="e">dir.</subfield>
    <subfield code="9">272599</subfield>
  </datafield>
  <datafield tag="245" ind1="0" ind2="1">
    <subfield code="a">Qu&#xE9; son los semiconductores / </subfield>
    <subfield code="c">David L&#xF3;pez Aparicio</subfield>
  </datafield>
  <datafield tag="260" ind1="3" ind2=" ">
    <subfield code="a">Chile : </subfield>
    <subfield code="b">Nueva lente, </subfield>
    <subfield code="c">1986.</subfield>
  </datafield>
  <datafield tag="300" ind1=" " ind2=" ">
    <subfield code="a">123 p. : </subfield>
    <subfield code="b">il.</subfield>
  </datafield>
  <datafield tag="490" ind1="0" ind2=" ">
    <subfield code="a">Biblioteca b&#xE1;sica. Electr&#xF3;nica ; </subfield>
    <subfield code="v">2</subfield>
  </datafield>
  <datafield tag="505" ind1=" " ind2=" ">
    <subfield code="a">Conductores, aislantes y semiconductores - El diodo semiconductor - Transistores bipolares - Los transistores unipolares - El tiristor - El triac - Los circuitos integrados - El transistor como amplificador - Osciladores a transistores - El transistor en el campo digital</subfield>
  </datafield>
  <datafield tag="650" ind1="0" ind2="4">
    <subfield code="a">ELECTRONICA</subfield>
    <subfield code="9">263321</subfield>
  </datafield>
  <datafield tag="650" ind1=" " ind2="4">
    <subfield code="a">SEMICONDUCTORES</subfield>
    <subfield code="9">265167</subfield>
  </datafield>
  <datafield tag="929" ind1=" " ind2=" ">
    <subfield code="a">DON</subfield>
  </datafield>
  <datafield tag="942" ind1=" " ind2=" ">
    <subfield code="c">LIB</subfield>
  </datafield>
  <datafield tag="952" ind1=" " ind2=" ">
    <subfield code="0">0</subfield>
    <subfield code="4">0</subfield>
    <subfield code="7">0</subfield>
    <subfield code="a">ING</subfield>
    <subfield code="b">ING</subfield>
    <subfield code="c">0</subfield>
    <subfield code="o">621.382 LOP Bloque 13</subfield>
    <subfield code="p">45586</subfield>
    <subfield code="y">LIB</subfield>
    <subfield code="e">Donaci&#xF3;n Lovero</subfield>
    <subfield code="1"></subfield>
  </datafield>
  <datafield tag="999" ind1=" " ind2=" ">
    <subfield code="c">34327</subfield>
    <subfield code="d">34327</subfield>
  </datafield>
  <datafield tag="999" ind1=" " ind2=" ">
    <subfield code="a">SKV</subfield>
  </datafield>
</record>
